Quelle Marie biblique ? - Statistiques

Statistiques générales
  • Ce quiz a été pris 40 fois
  • Le résultat moyen est 7 sur 11
Statistiques - réponses
Hint Explanation Réponse % Correct
A élevé Jésus Marie de Nazareth
83%
Écoutait Jésus au lieu de préparer à manger Marie sœur de Marthe
77%
Était enceinte avant de se marier Marie de Nazareth
73%
A été la première à voir Jésus ressuscité Marie de Magdala
63%
Suivait Jésus de ville en ville Luc 8 v2 Marie de Magdala
60%
A trompé son mari aucune des trois
57%
A eu cinq maris c'est la Samaritaine aucune des trois
57%
A essayé d'embaumer Jésus après sa mort Marie de Magdala
57%
A fui en Égypte pour fuir Hérode Marie de Nazareth
57%
A versé du parfum sur les pieds de Jésus Marie sœur de Marthe
57%
Est qualifiée de prostituée aucune des trois
20%
Aucun quiz correspondant
Distribution des résultats
% des personnes avec chaque résultat
Percentile par nombre de réponses
Votre historique - résultats
Vous n’avez pas pris ce quiz